Rimas de D. de N. D. y R. (Record no. 160467)

MARC details
000 -LEADER
campo de control de longitud fija 00831nam a22001935i 4500
001 - NÚMERO DE CONTROL
campo de control 160467
003 - IDENTIFICADOR DE NÚMERO DE CONTROL
campo de control ES-MaACL
005 - FECHA Y HORA DE LA ÚLTIMA TRANSACCIÓN
campo de control 20230906212038.0
008 - DATOS DE LONGITUD FIJA--INFORMACIÓN GENERAL
campo de control de longitud fija 010220s1893 sp |||| | spa d
040 ## - FUENTE DE CATALOGACIÓN
Centro catalogador/agencia de origen CCPB | B
Lengua de catalogación spa
Centro/agencia transcriptor CCPB | B
100 1# - ENTRADA PRINCIPAL--NOMBRE DE PERSONA
Nombre de persona Nogales-Delicado y Rendón, Dionisio de.
9 (RLIN) 130508
245 10 - MENCIÓN DEL TÍTULO
Título Rimas de D. de N. D. y R.
260 ## - PUBLICACIÓN, DISTRIBUCIÓN, ETC.
Lugar de publicación, distribución, etc. Valladolid :
Nombre del editor, distribuidor, etc. imprenta, librería, heliografía y taller de grabados de Luis N. de Gaviria,
Fecha de publicación, distribución, etc. 1893.
300 ## - DESCRIPCIÓN FÍSICA
Extensión 1 v. ;
Dimensiones 27 cm.
594 ## - Nota al título y mención de responsabilidad
Nota al título y mención de responsabilidad Tít. en antep.: "Verso"
595 ## -
-- Tirada no venal.
597 #1 - NOTA DE DESCRIPCIÓN FÍSICA
NOTA DE DESCRIPCIÓN FÍSICA T. IV (263 p.)
852 ## - LOCALIZACIÓN
Ubicación ES-MaACL
Número de control de estantería G-10168
Nota libre -- Enc. hol. conservando la cub. original
-- -- Dedicatoria ms. del autor al Ateneo Cientifico Literario
Encuadernación -- Edic.: El autor es Dionisio de Nogales Delicado y Rendon -- Es el t.IV de sus obras, el único de rimas
Holdings
Estatus retirado Estado de pérdida Estado de daño No para préstamo Colección Biblioteca de origen Biblioteca actual Ubicación en estantería Fecha de adquisición Fuente de adquisición Total de préstamos Signatura topográfica completa Código de barras Visto por última vez Precio de reemplazo Tipo de ítem Koha
        Libros del s. XIX Biblioteca del Ateneo de Madrid Biblioteca del Ateneo de Madrid Sala Pecera Planta 3 17/01/2008     G-10168 1168022 23/02/2023 23/02/2023 Libro impreso antiguo